Normal view
MARC view
- Kumaranashan, N
Entry Personal Name
001 - CONTROL NUMBER
- control field: 6476
003 - CONTROL NUMBER IDENTIFIER
- control field: OSt
005 - DATE AND TIME OF LATEST TRANSACTION
- control field: 20241211111435.0
008 - FIXED-LENGTH DATA ELEMENTS
- fixed length control field: 241211|| aca||aabn | a|a d
040 ## - CATALOGING SOURCE
- Original cataloging agency: OSt
- Transcribing agency: OSt
100 ## - HEADING--PERSONAL NAME
- Personal name: Kumaranashan, N
670 ## - SOURCE DATA FOUND
- Source citation: Work cat.: (OSt)18442: Kumaranashan, N, Duravastha
